Statistics for Modern Rap Artists

Click here to take the quiz!

General Stats

  • This quiz has been taken 319 times
  • The average score is 30 of 47

Answer Stats

Hint Answer % Correct
8 Mile, Slim ShadyEminem
96%
XO Tour Llife, Money Longer, You Was RightLil Uzi Vert
92%
Group made up of Quavo, Offset, and TakeoffMigos
92%
Married to Kim K, YeezusKanye West
92%
"More Life, "Views"Drake
89%
"Anaconda", Meek Mill's ExNicki Minaj
88%
Mask Off, Collab album w/ Drake titled "What a Time to Be Alive"Future
88%
"One Night", "Lil Boat"Lil Yachty
88%
White IversonPost Malone
88%
The Finesse Kid, "No Flockin"; "Tunnel Vision"Kodak Black
86%
StarboyThe Weeknd
85%
Made up of 2 brothers, "Swang" "Black Beatles" "No Type"Rae Sremmund
85%
The Blueprint, Married to Beyonce, Owns the NetsJay Z
85%
"Look At Me" XxxxTentacion
85%
Made song "iSPY"KYLE
79%
K Dot, "To Pimp A Butterfly"Kendrick Lamar
78%
"Panda" Sounds Like FutureDesiigner
78%
"I Decided." "Bounce Back" "Moves" "IDFWU"Big Sean
75%
also an actor named Donald Glover, because the internetChildish Gambino
75%
We the Best Music, Father of AsahdDJ Khaled
74%
Lil Yachty featured on his hit song "Broccoli"D.R.A.M
73%
"All-AMERIKKKAN BADA$$"Joey Bada$$
71%
"Pick Up The Phone" "Birds in the trap Sing McKnight"Travis Scott
68%
Brooklyn Made, "Drowning (ft Kodak)", "My Sh*t", "Ransom", "Timeless"A Boogie wit da Hoodie
67%
"The Incredible True Story"; White RapperLogic
67%
Tunechi, WEEZY F, Young Money, "6 foot 7 foot"Lil Wayne
66%
Platinum with no featuresJ Cole
65%
Drake ended his career with diss on "Back to Back"Meek Mill
62%
Producer, made collab album with 21 SavageMetro Boomin
61%
"Acid Rap", Doesn't sell his music, all freeChance The Rapper
60%
"Really Really" "2 Phones"Kevin Gates
50%
Largest Hip Hop gang with the same name prefixA$AP MOB
50%
"Chill Bill"Rob $tone
48%
First album titles "Free (artist name)" "Ex Calling" "PRBLMS"6lack
47%
Blank Face LP, "THaT PaRT"ScHoolboy Q
46%
In jail until 2016 and released 3 albums once getting out, "The East Atlanta Santa"Gucci Mane
46%
Made songs "Uber Everywhere" and "Skateboard P"MadeinTYO
45%
Leader of the aboveA$AP ROCKY
42%
First album self titled, Indian, "Myself" "Up" "Some Way (ft. The Weeknd)"NAV
41%
Worked on "Too Many Years" with Kodak Black and made "Selfish"PnB Rock
38%
'My N*gga" "F*ck Donald Trump"YG
37%
"Good Drank", "We Own It"2 Chainz
34%
Signed to OVO, All Albums self named, "Come and See Me"PARTYNEXTDOOR
33%
"Wavy" "Or Nah" "Blase" "Saved"Ty Dolla $ign
29%
Only makes singles, "What I Want", "Yung God", "Losin Control"Russ
24%
Dissed Nicki Minaj on "Shether"Remy Ma
23%
Partners with Remy MaFat Joe
12%

Score Distribution

Percentile by Number Answered

Percent of People with Each Score

Your Score History

You have not taken this quiz